000 00830nab a2200241 4500
003 BR-BrBNA
005 20260310232752.0
008 260310b bl.||||| |||| 00| 0 por d
040 _aBR-BrBNA
_bpor
072 _aC30 ; E14 ; E16 ; E20
100 _aSantos, Bruno
245 _aSoftwares invadem o campo
_bAgrotecnologia
500 _a4 illus.
650 _aINOVAÇÃO TECNOLÓGICA
650 _aTECNOLOGIA DA INFORMAÇÃO
650 _aMONITORAMENTO DA VEGETAÇÃO
650 _aTOMADA DE DECISÃO
650 _aCUSTO DE PRODUÇÃO
650 _aPRODUTIVIDADE
773 0 _01706
_9348146
_dSão Paulo-SP Editora Três Ltda - E-mail: luizfsa@revistadinheiro.com.br 2004
_o2025-0636
_tDinheiro Rural (Brazil)
_x1807-3700
_gv. 10(122) p. 32-33; (Jan-Feb 2015)
_wBR2026000361
942 _cANA
999 _c340349
_d340349